LEADER 01142nam a2200325 i 4500 001 991001238929707536 005 20020507185818.0 008 940511s1985 de ||| | eng 020 $a0471826537 035 $ab10820000-39ule_inst 035 $aLE01309188$9ExL 040 $aDip.to Matematica$beng 082 0 $a512.72 084 $aAMS 11A41 100 1 $aEllison, William John$0536441 245 10$aPrime numbers /$cWilliam and Fern Ellison 260 $aNew York :$bJ. Wiley ; Paris : Hermann,$c1985 300 $axii, 416 p. ;$c24 cm. 500 $a"A Wiley-Interscience publication" 500 $aBibliography: p. 500 $aIncludes index 500 $aTranslation of: Les nombres premiers 650 4$aPrime numbers 700 1 $aEllison, Fern$eauthor$4http://id.loc.gov/vocabulary/relators/aut$057368 907 $a.b10820000$b19-04-11$c28-06-02 912 $a991001238929707536 945 $aLE013 11A ELL11 (1985)$g1$i2013000074764$lle013$o-$pE0.00$q-$rl$s- $t0$u2$v2$w2$x0$y.i10926951$z28-06-02 996 $aPrime numbers$91455898 997 $aUNISALENTO 998 $ale013$b01-01-94$cm$da $e-$feng$gde $h0$i1 LEADER 01679nam 2200457I 450 001 9910703654003321 005 20150701152052.0 035 $a(CKB)5470000002433171 035 $a(OCoLC)912578290 035 $a(EXLCZ)995470000002433171 100 $a20150701d2014 ua 0 101 0 $aeng 135 $aur||||||||||| 181 $ctxt$2rdacontent 182 $cc$2rdamedia 183 $acr$2rdacarrier 200 14$aThe U.S. "rebalance" and Europe $econvergent strategies open doors to improved cooperation /$fby Leo G. Michel and James J. Przystup 205 $aFirst printing, June 2014. 210 1$aWashington, D.C. :$cNational Defense University Press,$d2014. 215 $a1 online resource (v, 27 pages) 225 1 $aStrategic perspectives ;$vNo. 16 300 $a"June 2014." 300 $a"Institute for National Strategic Studies." 300 $aTitle from title screen (viewed July 1, 2015). 320 $aIncludes bibliographical references (pages 22-25). 517 $aU.S. "rebalance" and Europe 606 $aNational security$zEuropean Union countries 607 $aEuropean Union countries$xForeign relations 607 $aEuropean Union countries$xForeign relations$zAsia 607 $aUnited States$xForeign relations 615 0$aNational security 700 $aMichel$b Leo G.$01380958 702 $aPrzystup$b James J. 712 02$aNational Defense University Press, 712 02$aNational Defense University.$bInstitute for National Strategic Studies, 801 0$bGPO 801 1$bGPO 906 $aBOOK 912 $a9910703654003321 996 $aThe U.S. "rebalance" and Europe$93549491 997 $aUNINA